The impregnable rock of Holy Scripture. (Record no. 3365)

000 -LEADER
fixed length control field 00638nam a2200193 a 4500
001 - CONTROL NUMBER
control field :::00001095$&:&@@
003 - CONTROL NUMBER IDENTIFIER
control field OkBaRHE
005 - DATE AND TIME OF LATEST TRANSACTION
control field 20000607103241.0
008 - FIXED-LENGTH DATA ELEMENTS--GENERAL INFORMATION
fixed length control field s1890 j 000 0 eng u
040 ## - CATALOGING SOURCE
Transcribing agency
100 1# - MAIN ENTRY--PERSONAL NAME
Personal name Gladstone, W. E.
245 14 - TITLE STATEMENT
Title The impregnable rock of Holy Scripture.
260 ## - PUBLICATION, DISTRIBUTION, ETC. (IMPRINT)
Place of publication, distribution, etc Philadelphia, PA., :
Name of publisher, distributor, etc John D. Wattles
Date of publication, distribution, etc c1890
300 ## - PHYSICAL DESCRIPTION
Extent 358 p. : illus. ;
Dimensions 18 cm.
650 ## - SUBJECT ADDED ENTRY--TOPICAL TERM
Topical term or geographic name as entry element Bible
General subdivision Addresses, Essays, Lectures
650 ## - SUBJECT ADDED ENTRY--TOPICAL TERM
Topical term or geographic name as entry element Bible Old Testament
General subdivision Evidences, Authority, etc.
942 ## - ADDED ENTRY ELEMENTS (KOHA)
Source of classification or shelving scheme
Koha item type Books
Copies
Permanent Location Copy number Date acquired Source of classification or shelving scheme Date last seen Damaged status Shelving location Koha item type Full call number Not for loan Withdrawn status Price effective from Lost status Barcode
RHEMA Bible Training College12010-04-14 2010-04-14 General StacksBooksBS 540 .G569  2010-04-14 1095